| 000 | 00965cab a2200277 4500 | ||
|---|---|---|---|
| 001 | WB3145-16 | ||
| 008 | 090401t1995 xxu||||| |||| 00| 0 eng d | ||
| 035 | _a(Sirsi) u40693 | ||
| 041 | _aeng | ||
| 245 | _aDoE spending plans | ||
| 260 | _c1995 | ||
| 350 | _a0 | ||
| 490 |
_aDoE News Release _v(579) 28 November 1995, (12) |
||
| 520 | _aJohn Gummer announces the DoE`s spending plans for the next three years, which includes Single Regeneration Budget funding, new housing challenge, resources for Rough Sleepers Initiative and tax incentives for investors in rented housing. | ||
| 650 | _aDEPARTMENT OF ENVIRONMENT | ||
| 650 | _aENVIRONMENT AGENCY | ||
| 650 | _aFINANCES | ||
| 650 | _aFUNDING | ||
| 650 | _aHOUSING INVESTMENT TRUSTS | ||
| 650 | _aNEW HOUSING CHALLENGE FUND | ||
| 650 | _aROUGH SLEEPERS INITIATIVE | ||
| 650 | _aSINGLE REGENERATION BUDGET CHALLENGE FUND | ||
| 690 | _aECONOMIC AND SOCIAL | ||
| 942 | _n0 | ||
| 948 | _c04/03/1997 | ||
| 999 |
_c26077 _d26077 |
||